KOHA-Header-6

Quaid-I-Azam Muhammad Ali Jinnah Speeches and Statements (Record no. 2839)

000 -LEADER
fixed length control field 00330nam a2200121Ia 4500
008 - FIXED-LENGTH DATA ELEMENTS--GENERAL INFORMATION
fixed length control field 190902s9999||||xx |||||||||||||| ||und||
020 ## - INTERNATIONAL STANDARD BOOK NUMBER
International Standard Book Number 1-55963-175-9
100 ## - MAIN ENTRY--PERSONAL NAME
Personal name Services Book club
245 #0 - TITLE STATEMENT
Title Quaid-I-Azam Muhammad Ali Jinnah Speeches and Statements
260 ## - PUBLICATION, DISTRIBUTION, ETC. (IMPRINT)
Place of publication, distribution, etc London
Name of publisher, distributor, etc Prentice Hall
Date of publication, distribution, etc 1989
300 ## - PHYSICAL DESCRIPTION
Extent 282
942 ## - ADDED ENTRY ELEMENTS (KOHA)
Koha item type Books
Holdings
Withdrawn status Lost status Damaged status Not for loan Collection code Permanent Location Current Location Shelving location Date acquired Total Checkouts Barcode Date last seen Date checked out Price effective from Koha item type
        Jinnah Corner MAJU MAJU   2019-09-02 1 6505 2025-06-05 2022-12-28 2019-09-02 Jinnah Corner

Powered by Koha